<?xml version="1.0" encoding="UTF-8"?>
<marc:record xmlns:marc="http://www.loc.gov/MARC21/slim">
   <marc:leader>00000nam a2200000 a 4500</marc:leader>
   <marc:datafield ind1="1" ind2=" " tag="100">
      <marc:subfield code="a">Tower, Wells</marc:subfield>
      <marc:subfield code="4">aut</marc:subfield>
      <marc:subfield code="e">Verfasser/-in</marc:subfield>
   </marc:datafield>
   <marc:datafield ind1="1" ind2=" " tag="100">
      <marc:subfield code="a">Krutzsch, Malte</marc:subfield>
      <marc:subfield code="4">trl</marc:subfield>
      <marc:subfield code="e">Übersetzer/-in</marc:subfield>
   </marc:datafield>
   <marc:datafield ind1="1" ind2=" " tag="100">
      <marc:subfield code="a">Waldhof, Britta</marc:subfield>
      <marc:subfield code="4">trl</marc:subfield>
      <marc:subfield code="e">Übersetzer/-in</marc:subfield>
   </marc:datafield>
   <marc:datafield ind1="1" ind2=" " tag="100">
      <marc:subfield code="a">Tower, Wells</marc:subfield>
   </marc:datafield>
   <marc:datafield ind1="0" ind2="0" tag="245">
      <marc:subfield code="a">Alles zerstört, alles verbrannt</marc:subfield>
   </marc:datafield>
   <marc:datafield ind1="0" ind2="0" tag="245">
      <marc:subfield code="b">Stories</marc:subfield>
   </marc:datafield>
   <marc:datafield ind1="0" ind2="0" tag="245">
      <marc:subfield code="c">Wells Tower. Aus dem Amerikan. von Malte Krutzsch und Britta Waldhof</marc:subfield>
   </marc:datafield>
   <marc:datafield ind1=" " ind2="1" tag="264">
      <marc:subfield code="a">Frankfurt, M.</marc:subfield>
      <marc:subfield code="b">S. Fischer</marc:subfield>
      <marc:subfield code="c">2011</marc:subfield>
   </marc:datafield>
   <marc:datafield ind1="1" ind2=" " tag="520">
      <marc:subfield code="a">Angaben aus der Verlagsmeldung

Alles zerstört, alles verbrannt : Stories Everything Ravaged, Everything Burned / von Wells Tower

›Best Book of the Year‹ New York Times 2009: »Witzig, überraschend und von rauer Schönheit.« Vanity Fair

Ein Mann wird zu Hause rausgeworfen, nachdem seine Frau innen auf der Windschutzscheibe einen Fußabdruck entdeckt hat, der nicht ihr eigener ist. Zwei sommerbetäubte Teenagerinnen rechnen draußen in den Wäldern miteinander ab. Wikinger überfallen eine bereits mehrfach geplünderte Insel in der Hoffnung, durch Blutvergießen und Brandschatzen ihre Winterdepressionen zu überwinden. Wells Towers Geschichten sind bevölkert von verkrachten Existenzen und Außenseitern: versoffene Träumer, unglückliche Väter und missratene Söhne. ›Alles zerstört, alles verbrannt‹ verbindet elektrisierende Erzählkraft mit bissigem Witz – Short Stories in der Tradition von Hemingway und Carver. Ein sensationelles Debüt von einem der aufregendsten amerikanischen Nachwuchsautoren.
</marc:subfield>
   </marc:datafield>
   <marc:datafield ind1=" " ind2=" " tag="020">
      <marc:subfield code="a">9783100800312</marc:subfield>
      <marc:subfield code="9">9783100800312</marc:subfield>
   </marc:datafield>
   <marc:datafield ind1=" " ind2=" " tag="020">
      <marc:subfield code="a">3100800311</marc:subfield>
      <marc:subfield code="9">3100800311</marc:subfield>
   </marc:datafield>
   <marc:datafield ind1=" " ind2=" " tag="041">
      <marc:subfield code="a">ger</marc:subfield>
   </marc:datafield>
   <marc:datafield ind1=" " ind2=" " tag="300">
      <marc:subfield code="a">269 S.</marc:subfield>
   </marc:datafield>
</marc:record>
